LIBRARY & INFORMATION CENTRE, KCAET, TAVANUR

ONLINE PUBLIC ACCESS CATALOGUE (OPAC)

Food Analysis (Record no. 14007)

MARC details
000 -LEADER
fixed length control field 00346nam a22001457a 4500
020 ## - INTERNATIONAL STANDARD BOOK NUMBER
ISBN 9788170356707
082 ## - DEWEY DECIMAL CLASSIFICATION NUMBER
Classification number 664.07
Item number KHE/FO
100 ## - MAIN ENTRY--AUTHOR NAME
Personal name Khetarpaul, Neelam
245 ## - TITLE STATEMENT
Title Food Analysis
260 ## - PUBLICATION, DISTRIBUTION, ETC. (IMPRINT)
Place of publication Delhi
Name of publisher Daya publishing House
Year of publication 2011
300 ## - PHYSICAL DESCRIPTION
Number of Pages 315
700 ## - ADDED ENTRY--PERSONAL NAME
Personal name Jood, Sudesh
700 ## - ADDED ENTRY--PERSONAL NAME
Personal name Punia, Darshan
942 ## - ADDED ENTRY ELEMENTS (KOHA)
Koha item type Books
Holdings
Withdrawn status Lost status Damaged status Collection code Home library Current library Shelving location Date acquired Source of acquisition Cost, normal purchase price Full call number Accession Number Koha item type
      Non-fiction KAUAET KAUAET General Stacks 30/03/2013 A & A , Tvpm 900.00 664.07 KHE/FO 23821 Books
        KAUAET KAUAET General Stacks 08/06/2016 Universal Research Books, Thrissur 1500.00 664.001 KHE/FO 24286 Books
        KAUAET KAUAET General Stacks 14/07/2016 Professional Book Centre, Kochin. 900.00 664.07 KHE/FO 24249 Books
free website counter